<?xml version="1.0" encoding="UTF-8"?>
<record
    xmlns:xsi="http://www.w3.org/2001/XMLSchema-instance"
    xsi:schemaLocation="http://www.loc.gov/MARC21/slim http://www.loc.gov/standards/marcxml/schema/MARC21slim.xsd"
    xmlns="http://www.loc.gov/MARC21/slim">

  <leader>003760000a22001090004500</leader>
  <datafield tag="090" ind1=" " ind2=" ">
    <subfield code="a">AS</subfield>
    <subfield code="b">Seriadas</subfield>
  </datafield>
  <datafield tag="245" ind1="1" ind2="0">
    <subfield code="a">Leading behavior in a free ranging of spider monkeys (Ateles belzebuth) in la Macarena, Colombia</subfield>
  </datafield>
  <datafield tag="041" ind1="0" ind2=" ">
    <subfield code="a">Ingl&#xE9;s</subfield>
  </datafield>
  <datafield tag="100" ind1="1" ind2=" ">
    <subfield code="a">Didier L., Gisele</subfield>
    <subfield code="9">100237</subfield>
  </datafield>
  <datafield tag="942" ind1=" " ind2=" ">
    <subfield code="c">ARTICULO</subfield>
  </datafield>
  <datafield tag="773" ind1="1" ind2=" ">
    <subfield code="t">Field Studies of Fauna and Flora La Macarena, Colombia</subfield>
    <subfield code="q">29-31</subfield>
    <subfield code="d">1997</subfield>
    <subfield code="g">10</subfield>
  </datafield>
  <datafield tag="999" ind1=" " ind2=" ">
    <subfield code="c">15990</subfield>
    <subfield code="d">15990</subfield>
  </datafield>
</record>
